Loading...
| Current Events | 3 | 0 | 0 | 0 | 45 | 38 | 54.67 | 1 | 3 | 0.00 | 0.00 |
| Science - Physics | 0 | 3 | 0 | 1 | 30 | 72 | 99.67 | 2 | 3 | 0.00 | 0.00 |
| Fine Arts - Painting and Sculpture | 1 | 0 | 0 | 0 | 15 | 25 | 25.00 | 1 | 1 | 0.00 | 0.00 |
| Social Science | 0 | 1 | 0 | 0 | 10 | 85 | 85.00 | 0 | 1 | 0.00 | 0.00 |
| Philosophy | 0 | 1 | 0 | 0 | 10 | 109 | 109.00 | 0 | 0 | 0.00 | 0.00 |
| Religion | 0 | 1 | 0 | 1 | 10 | 131 | 131.00 | 0 | 0 | 0.00 | 0.00 |
| Science - Biology | 0 | 2 | 2 | 0 | 10 | 96 | 105.00 | 1 | 1 | 0.00 | 0.00 |
| Science - Chemistry | 1 | 1 | 3 | 0 | 10 | 41 | 88.00 | 1 | 2 | 0.00 | 0.00 |
| Literature - Drama | 0 | 0 | 0 | 0 | 0 | 0.00 | 0 | 0 | 0.00 | 0.00 | |
| Literature - Long Fiction | 0 | 0 | 1 | 0 | -5 | 0.00 | 0 | 0 | 0.00 | 0.00 | |
| Fine Arts - Classical Music | 0 | 0 | 1 | 0 | -5 | 0.00 | 0 | 0 | 0.00 | 0.00 | |
| Science - Other | 0 | 1 | 3 | 0 | -5 | 106 | 106.00 | 0 | 1 | 0.00 | 0.00 |